[Event "Uppsala GM 2019"]
[Site "Uppsala"]
[Date "2019.10.26"]
[Round "3.4"]
[White "Pavlov, Sergey"]
[Black "Peng, Li Min"]
[Result "1/2-1/2"]
[WhiteElo "2485"]
[BlackElo "2454"]
[Annotator "ChessBase"]
[PlyCount "60"]
[EventDate "2019.10.25"]
[EventType "tourn"]
[EventCountry "SWE"]
[SourceTitle "playchess.com"]
[Source "ChessBase"]
[SourceQuality "1"]
[TimeControl "5400+30"]

1. d4 {[%emt 0:00:00]} Nf6 {[%emt 0:05:01]} 2. c4 {[%emt 0:00:04]} e6 {[%emt 0:00:05]} 3. Nf3 {[%emt 0:00:31]} d5 {[%emt 0:00:07]} 4. g3 {[%emt 0:00:20]} dxc4 {[%emt 0:00:06]} 5. Bg2 {[%emt 0:00:16]} c5 {[%emt 0:00:12]} 6. O-O {[%emt 0:00:35]} Nc6 {[%emt 0:00:10]} 7. dxc5 {[%emt 0:00:53]} Qxd1 {[%emt 0:00:08]} 8. Rxd1 {[%emt 0:00:08]} Bxc5 {[%emt 0:00:03]} 9. Nbd2 {[%emt 0:00:40]} c3 {[%emt 0:00:21]} 10. bxc3 {[%emt 0:00:19]} O-O {[%emt 0:00:16]} 11. Nb3 {[%emt 0:00:25]} Be7 {[%emt 0:00:38]} 12. Nfd4 {[%emt 0:00:36]} Bd7 {[%emt 0:01:26]} 13. Nb5 {[%emt 0:01:50]} Rac8 {[%emt 0:02:19]} 14. Ba3 {[%emt 0:03:44]} Bxa3 {[%emt 0:00:05]} 15. Nxa3 {[%emt 0:00:05]} Ne5 {[%emt 0:00:04]} 16. Bxb7 {[%emt 0:01:01]} Rxc3 {[%emt 0:00:04]} 17. Rac1 {[%emt 0:00:32]} Rxc1 {[%emt 0:00:10]} 18. Rxc1 {[%emt 0:00:11]} Rb8 {[%emt 0:00:11]} 19. Na5 {[%emt 0:00:34]} Kf8 {[%emt 0:00:40]} 20. Rc5 {[%emt 0:01:10]} Ng6 {[%emt 0:00:08]} 21. N3c4 {[%emt 0:00:39]} Ne8 {[%emt 0:01:29]} 22. e4 {[%emt 0:00:29]} e5 {[%emt 0:00:05]} 23. Nxe5 {[%emt 0:01:57]} Nxe5 {[%emt 0:00:07]} 24. Rxe5 {[%emt 0:00:07]} Nd6 {[%emt 0:00:20]} 25. Bc6 {[%emt 0:00:44]} Be6 {[%emt 0:00:13]} 26. Nb3 {[%emt 0:01:13]} Bxb3 {[%emt 0:00:14]} 27. axb3 {[%emt 0:00:45]} Rxb3 {[%emt 0:00:05]} 28. Rd5 {[%emt 0:01:09]} Ke7 {[%emt 0:01:26]} 29. Ra5 {[%emt 0:00:38]} Nc8 {[%emt 0:00:07]} 30. Bd5 {[%emt 0:00:43]} Rc3 {[%emt 0:00:05]} 1/2-1/2

[Event "Uppsala GM 2019"]
[Site "Uppsala"]
[Date "2019.10.26"]
[Round "3.5"]
[White "Mirzoev, Emil"]
[Black "Bogdanov, Egor"]
[Result "0-1"]
[WhiteElo "2455"]
[BlackElo "2409"]
[Annotator "ChessBase"]
[PlyCount "80"]
[EventDate "2019.10.25"]
[EventType "tourn"]
[EventCountry "SWE"]
[SourceTitle "playchess.com"]
[Source "ChessBase"]
[SourceQuality "1"]
[TimeControl "5400+30"]

1. e4 {[%emt 0:18:18]} g6 {[%emt 0:02:54]} 2. d4 {[%emt 0:01:08]} Bg7 {[%emt 0:00:07]} 3. Nc3 {[%emt 0:00:00]} c5 {[%emt 0:00:30]} 4. dxc5 {[%emt 0:00:08]} Qa5 {[%emt 0:00:11]} 5. Bd2 {[%emt 0:00:12]} Qxc5 {[%emt 0:00:05]} 6. Nd5 {[%emt 0:00:21]} Na6 {[%emt 0:02:05]} 7. Bc3 {[%emt 0:01:33]} Bxc3+ {[%emt 0:01:23]} 8. Nxc3 {[%emt 0:01:13]} Nf6 {[%emt 0:00:05]} 9. Bxa6 {[%emt 1:11:37]} bxa6 {[%emt 1:27:10]} 10. Nf3 {[%emt 0:00:00]} Bb7 {[%emt 0:00:00]} 11. O-O {[%emt 0:01:00]} Nxe4 {[%emt 0:00:00]} 12. Nxe4 {[%emt 0:00:00]} Bxe4 {[%emt 0:00:00]} 13. Re1 {[%emt 0:00:00]} Bxf3 {[%emt 0:00:00]} 14. Qxf3 {[%emt 0:00:00]} O-O {[%emt 0:00:00]} 15. c3 {[%emt 0:00:00]} e6 {[%emt 0:00:00]} 16. Rad1 {[%emt 0:00:00]} d5 {[%emt 0:00:00]} 17. h4 {[%emt 0:00:00]} h5 {[%emt 0:00:00]} 18. Rd2 {[%emt 0:00:00]} Rad8 {[%emt 0:00:00]} 19. Re5 {[%emt 0:00:00]} Kg7 {[%emt 0:00:00]} 20. Qf4 {[%emt 0:00:00]} Qc4 {[%emt 0:00:00]} 21. Qxc4 {[%emt 0:00:00]} dxc4 {[%emt 0:06:00]} 22. Rxd8 {[%emt 0:00:00]} Rxd8 {[%emt 0:00:00]} 23. Rc5 {[%emt 0:00:00]} Rd1+ {[%emt 0:00:00]} 24. Kh2 {[%emt 0:00:00]} Rd2 {[%emt 0:00:00]} 25. Rxc4 {[%emt 0:00:00]} Rxb2 {[%emt 0:00:00]} 26. Ra4 {[%emt 0:00:00]} Rxf2 27. Rxa6 Rc2 {[%emt 0:00:00]} 28. Rxa7 {[%emt 0:00:00]} Rxc3 {[%emt 0:00:00]} 29. a4 {[%emt 0:00:00]} Ra3 {[%emt 0:00:00]} 30. a5 {[%emt 0:00:00]} e5 {[%emt 0:00:00]} 31. a6 {[%emt 0:00:00]} Kf6 {[%emt 0:00:00]} 32. Ra8 {[%emt 0:00:00]} Kf5 {[%emt 0:00:00]} 33. Ra7 {[%emt 0:00:00]} f6 {[%emt 0:00:00]} 34. Ra8 {[%emt 0:00:00]} e4 {[%emt 0:00:00]} 35. Ra7 {[%emt 0:12:00]} Kf4 {[%emt 0:00:00]} 36. Ra8 {[%emt 0:00:00]} f5 {[%emt 0:00:00]} 37. a7 {[%emt 0:00:00]} Ra1 {[%emt 0:00:00]} 38. Rg8 {[%emt 0:00:00]} Rxa7 {[%emt 0:00:00]} 39. Rxg6 {[%emt 0:00:00]} e3 {[%emt 0:00:00]} 40. Re6 {[%emt 0:00:00]} Ra4 {[%emt 0:00:00]} 0-1

[Event "Uppsala GM 2019"]
[Site "Uppsala"]
[Date "2019.10.27"]
[Round "4.1"]
[White "Kovalev, Andrei"]
[Black "Wahlund, Max"]
[Result "1-0"]
[WhiteElo "2511"]
[BlackElo "2176"]
[Annotator "ChessBase"]
[PlyCount "75"]
[EventDate "2019.10.25"]
[EventType "tourn"]
[EventCountry "SWE"]
[SourceTitle "playchess.com"]
[Source "ChessBase"]
[SourceQuality "1"]
[TimeControl "5400+30"]

1. e4 {[%emt 1:27:27]} e5 {[%emt 1:27:26]} 2. Nc3 {[%emt 0:00:29]} Nf6 {[%emt 0:00:29]} 3. Bc4 {[%emt 0:00:29]} Bb4 {[%emt 0:00:37]} 4. Nge2 {[%emt 0:00:30]} c6 {[%emt 0:00:34]} 5. O-O {[%emt 0:00:33]} d5 {[%emt 0:00:31]} 6. exd5 {[%emt 0:00:29]} cxd5 {[%emt 0:00:29]} 7. Bb5+ {[%emt 0:00:30]} Nc6 {[%emt 0:00:34]} 8. d4 {[%emt 0:00:29]} e4 {[%emt 0:00:33]} 9. Bg5 {[%emt 0:00:29]} a6 {[%emt 0:00:45]} 10. Bxf6 {[%emt 0:00:33]} Qxf6 {[%emt 0:00:39]} 11. Nxd5 {[%emt 0:00:29]} Qd6 {[%emt 0:00:30]} 12. Bxc6+ {[%emt 0:00:32]} bxc6 {[%emt 0:00:33]} 13. Nxb4 {[%emt 0:00:41]} Qxb4 {[%emt 0:00:29]} 14. Ng3 {[%emt 0:00:37]} Qxb2 {[%emt 0:00:46]} 15. Nxe4 {[%emt 0:00:30]} O-O {[%emt 0:00:38]} 16. Qd3 {[%emt 0:00:38]} Bf5 {[%emt 0:00:33]} 17. Nf6+ {[%emt 0:00:29]} gxf6 {[%emt 0:00:30]} 18. Qxf5 {[%emt 0:00:29]} Qxd4 {[%emt 0:00:30]} 19. Rad1 {[%emt 0:00:29]} Qe5 {[%emt 0:00:29]} 20. Qg4+ {[%emt 0:00:30]} Qg5 {[%emt 0:00:29]} 21. Qc4 {[%emt 0:00:29]} c5 {[%emt 0:00:58]} 22. Rd5 {[%emt 0:00:33]} Qg6 {[%emt 0:00:29]} 23. Rxc5 {[%emt 0:00:32]} Rfe8 {[%emt 0:00:39]} 24. Ra5 {[%emt 0:00:31]} Rec8 {[%emt 0:00:40]} 25. Rc5 {[%emt 0:00:32]} Re8 {[%emt 0:00:32]} 26. h4 {[%emt 0:00:41]} Re5 {[%emt 0:00:41]} 27. Rc8+ {[%emt 0:00:32]} Rxc8 {[%emt 0:00:29]} 28. Qxc8+ {[%emt 0:00:29]} Kg7 {[%emt 0:00:29]} 29. Qxa6 {[%emt 0:00:34]} Qxc2 {[%emt 0:00:29]} 30. g3 {[%emt 0:00:38]} Re2 {[%emt 0:00:35]} 31. a4 {[%emt 0:00:29]} Qa2 {[%emt 0:00:30]} 32. a5 {[%emt 0:00:29]} Re5 {[%emt 0:00:30]} 33. Qc8 {[%emt 0:00:41]} Qxa5 {[%emt 0:00:37]} 34. Qg4+ {[%emt 0:00:30]} Kh8 {[%emt 0:00:38]} 35. Kh2 {[%emt 0:00:30]} Qd2 {[%emt 0:00:32]} 36. Qf3 {[%emt 0:00:33]} Qd6 {[%emt 0:00:36]} 37. Ra1 {[%emt 0:00:33]} Qd8 {[%emt 0:00:36]} 38. Ra8 {[%emt 0:00:30]} 1-0

[Event "Uppsala GM 2019"]
[Site "Uppsala"]
[Date "2019.10.27"]
[Round "4.2"]
[White "Naumkin, Igor"]
[Black "Rydstrom, Tom"]
[Result "1-0"]
[WhiteElo "2385"]
[BlackElo "2322"]
[Annotator "NA"]
[PlyCount "87"]
[EventDate "2019.10.25"]
[EventType "tourn"]
[EventCountry "SWE"]
[SourceTitle "playchess.com"]
[Source "ChessBase"]
[SourceQuality "1"]
[TimeControl "5400+30"]

1. d4 {[%emt 0:16:37]} Nf6 {[%emt 0:00:00]} 2. c4 {[%emt 0:00:22]} e6 {[%emt 0:00:00]} 3. Nf3 {[%emt 0:00:07]} d5 {[%emt 0:00:00]} 4. Nc3 {[%emt 0:00:05]} c6 {[%emt 0:00:00]} 5. e3 {[%emt 0:00:14]} Nbd7 {[%emt 0:00:06]} 6. Qc2 {[%emt 0:00:06]} Bd6 {[%emt 0:00:07]} 7. Bd3 {[%emt 0:00:05]} O-O {[%emt 0:02:04]} 8. O-O {[%emt 0:00:29]} Qe7 {[%emt 0:02:09]} 9. c5 {[%emt 0:00:38]} Bc7 {[%emt 0:00:27]} 10. e4 {[%emt 0:00:12]} e5 {[%emt 0:02:34]} 11. exd5 {[%emt 0:01:30]} cxd5 {[%emt 0:00:41]} 12. Bg5 {[%emt 0:05:37]} e4 {[%emt 0:03:33]} 13. Nxd5 {[%emt 0:02:08]} Nxd5 {[%emt 0:00:03]} 14. Bxe7 {[%emt 0:00:25]} exd3 {[%emt 0:00:03]} 15. Qc4 {[%emt 0:04:52]} Nxe7 {[%emt 0:00:24]} 16. d5 {[%emt 0:01:00]} Ne5 {[%emt 0:01:33]} 17. Nxe5 {[%emt 0:01:02]} Bxe5 {[%emt 0:00:02]} 18. Rae1 {[%emt 0:10:41]} Bf6 {[%emt 0:00:07]} 19. Qxd3 {[%emt 0:01:41]} Bd7 {[%emt 0:01:32]} 20. Qb3 {[%emt 0:07:21]} Rab8 {[%emt 0:01:47]} 21. Re4 {[%emt 0:05:25]} Rfc8 {[%emt 0:03:17]} 22. Rc1 {[%emt 0:03:29]} Bg5 {[%emt 0:26:03]} 23. f4 {[%emt 0:05:11]} Bf6 {[%emt 0:00:04]} 24. Rb4 {[%emt 0:01:46]} b6 {[%emt 0:12:24]} 25. c6 {[%emt 0:02:07]} h5 {[%emt 0:00:53]} 26. Rbc4 {[%emt 0:02:06]} Be8 {[%emt 0:01:19]} 27. Qd3 {[%emt 0:06:35]} b5 {[%emt 0:12:52]} 28. R4c2 {[%emt 0:02:10]} Rb6 {[%emt 0:10:55]} 29. d6 {[%emt 0:01:54]} Rbxc6 {[%emt 0:00:03]} 30. dxe7 {[%emt 0:03:37]} Rxc2 {[%emt 0:00:10]} 31. Rxc2 {[%emt 0:00:09]} Rxc2 {[%emt 0:00:02]} 32. Qxc2 {[%emt 0:00:48]} Bxe7 {[%emt 0:00:02]} 33. Qe2 {[%emt 0:02:16]} Bc5+ {[%emt 0:01:36]} 34. Kf1 {[%emt 0:01:02]} Bd7 {[%emt 0:00:02]} 35. Qxh5 {[%emt 0:00:15]} Bb6 {[%emt 0:00:01]} 36. Qd5 {[%emt 0:01:38]} Be8 {[%emt 0:00:56]} 37. f5 {[%emt 0:00:42]} Kf8 {[%emt 0:00:13]} 38. g4 {[%emt 0:00:31]} f6 {[%emt 0:00:31]} 39. a3 {[%emt 0:01:05]} Ke7 {[%emt 0:00:36]} 40. Qe6+ {[%emt 0:01:22]} Kf8 {[%emt 0:00:12]} 41. h4 {[%emt 0:00:22]} Bc7 {[%emt 0:00:36]} 42. g5 {[%emt 0:01:58]} Bd8 {[%emt 0:01:33]} 43. g6 {[%emt 0:00:25]} a5 {[%emt 0:00:03]} 44. h5 {[%emt 0:00:34]} 1-0

[Event "Uppsala GM 2019"]
[Site "Uppsala"]
[Date "2019.10.27"]
[Round "4.3"]
[White "Peng, Li Min"]
[Black "Kenneskog, Theodor"]
[Result "1-0"]
[WhiteElo "2454"]
[BlackElo "2278"]
[Annotator "ChessBase"]
[PlyCount "81"]
[EventDate "2019.10.25"]
[EventType "tourn"]
[EventCountry "SWE"]
[SourceTitle "playchess.com"]
[Source "ChessBase"]
[SourceQuality "1"]
[TimeControl "5400+30"]

1. e4 {[%emt 1:27:27]} c5 {[%emt 1:27:26]} 2. c3 {[%emt 0:00:29]} d5 {[%emt 0:00:29]} 3. exd5 {[%emt 0:00:30]} Qxd5 {[%emt 0:00:29]} 4. d4 {[%emt 0:00:28]} Nf6 {[%emt 0:00:29]} 5. Nf3 {[%emt 0:00:29]} Nc6 {[%emt 0:00:28]} 6. Be2 {[%emt 0:00:30]} e6 {[%emt 0:00:30]} 7. O-O {[%emt 0:00:30]} Be7 {[%emt 0:00:35]} 8. Be3 {[%emt 0:00:29]} O-O {[%emt 0:00:44]} 9. dxc5 {[%emt 0:00:29]} Qxd1 {[%emt 0:00:29]} 10. Rxd1 {[%emt 0:00:30]} Ng4 {[%emt 0:00:29]} 11. b4 {[%emt 0:00:30]} Nxe3 {[%emt 0:00:30]} 12. fxe3 {[%emt 0:00:30]} a5 {[%emt 0:00:32]} 13. b5 {[%emt 0:00:29]} Nb8 {[%emt 0:00:29]} 14. Nbd2 {[%emt 0:00:41]} Bxc5 {[%emt 0:00:30]} 15. Kf2 {[%emt 0:00:29]} Nd7 {[%emt 0:00:46]} 16. Ne4 {[%emt 0:00:29]} b6 {[%emt 0:00:38]} 17. Nd4 {[%emt 0:00:54]} Bb7 {[%emt 0:00:54]} 18. Bf3 {[%emt 0:00:30]} Bxd4 {[%emt 0:00:43]} 19. exd4 {[%emt 0:00:32]} Bd5 {[%emt 0:00:32]} 20. Nd2 {[%emt 0:00:42]} Nf6 {[%emt 0:00:32]} 21. c4 {[%emt 0:00:30]} Bxf3 {[%emt 0:00:30]} 22. Kxf3 {[%emt 0:00:32]} Rac8 {[%emt 0:00:33]} 23. Rac1 {[%emt 0:00:29]} Rfe8 {[%emt 0:00:46]} 24. Ne4 {[%emt 0:00:31]} Nxe4 {[%emt 0:00:35]} 25. Kxe4 {[%emt 0:00:29]} Kf8 {[%emt 0:00:28]} 26. c5 {[%emt 0:00:29]} Rb8 {[%emt 0:00:35]} 27. c6 {[%emt 0:00:30]} Rbc8 {[%emt 0:00:35]} 28. Rd2 {[%emt 0:00:37]} g6 {[%emt 0:00:32]} 29. c7 {[%emt 0:00:31]} Ke7 {[%emt 0:00:56]} 30. Rc6 {[%emt 0:00:36]} Kd7 {[%emt 0:00:34]} 31. Rdc2 {[%emt 0:00:29]} f6 {[%emt 0:00:36]} 32. h4 {[%emt 0:00:31]} a4 {[%emt 0:00:35]} 33. R2c4 {[%emt 0:00:30]} h6 {[%emt 0:00:31]} 34. Rxb6 {[%emt 0:00:39]} Rxc7 35. Rxa4 {[%emt 0:00:29]} e5 {[%emt 0:01:01]} 36. d5 {[%emt 0:00:30]} f5+ {[%emt 0:00:28]} 37. Ke3 {[%emt 0:00:35]} g5 {[%emt 0:00:39]} 38. Rxh6 {[%emt 0:00:34]} Rc3+ {[%emt 0:00:37]} 39. Kd2 {[%emt 0:00:30]} Rg3 {[%emt 0:00:29]} 40. Ra7+ {[%emt 0:00:32]} Kc8 {[%emt 0:00:29]} 41. Ra8+ {[%emt 0:02:20]} 1-0

[Event "Uppsala GM 2019"]
[Site "Uppsala"]
[Date "2019.10.27"]
[Round "4.4"]
[White "Ernst, Thomas"]
[Black "Mirzoev, Emil"]
[Result "1-0"]
[WhiteElo "2328"]
[BlackElo "2455"]
[Annotator "ChessBase"]
[PlyCount "93"]
[EventDate "2019.10.25"]
[EventType "tourn"]
[EventCountry "SWE"]
[SourceTitle "playchess.com"]
[Source "ChessBase"]
[SourceQuality "1"]
[TimeControl "5400+30"]

1. c4 {[%emt 1:27:27]} e6 {[%emt 1:27:30]} 2. Nc3 {[%emt 0:00:30]} d5 {[%emt 0:00:30]} 3. cxd5 {[%emt 0:00:31]} exd5 {[%emt 0:00:29]} 4. d4 {[%emt 0:00:29]} c6 {[%emt 0:00:30]} 5. Nf3 {[%emt 0:00:30]} Bd6 {[%emt 0:00:31]} 6. g3 {[%emt 0:00:31]} h6 {[%emt 0:00:33]} 7. Bg2 {[%emt 0:00:29]} Nf6 {[%emt 0:00:29]} 8. O-O {[%emt 0:00:30]} O-O {[%emt 0:00:30]} 9. Ne5 {[%emt 0:00:32]} Ng4 {[%emt 0:00:37]} 10. e4 {[%emt 0:00:38]} Bxe5 {[%emt 0:00:39]} 11. dxe5 {[%emt 0:00:32]} d4 {[%emt 0:00:30]} 12. Ne2 {[%emt 0:00:32]} d3 {[%emt 0:00:40]} 13. Nc3 {[%emt 0:00:51]} Nxe5 {[%emt 0:00:30]} 14. h3 {[%emt 0:00:33]} Na6 {[%emt 0:00:54]} 15. Kh2 {[%emt 0:00:36]} Nc4 {[%emt 0:00:43]} 16. b3 {[%emt 0:00:56]} d2 {[%emt 0:00:29]} 17. bxc4 {[%emt 0:00:29]} dxc1=Q {[%emt 0:00:31]} 18. Rxc1 {[%emt 0:00:35]} Be6 {[%emt 0:00:31]} 19. Ne2 {[%emt 0:00:55]} Qa5 {[%emt 0:00:34]} 20. Qc2 {[%emt 0:00:34]} Rfd8 {[%emt 0:00:38]} 21. Nf4 {[%emt 0:00:32]} Rd2 {[%emt 0:00:40]} 22. Qb1 {[%emt 0:00:32]} Nc5 {[%emt 0:00:33]} 23. Nxe6 fxe6 {[%emt 0:00:29]} 24. Rcd1 {[%emt 0:01:05]} Rad8 {[%emt 0:00:36]} 25. Rxd2 {[%emt 0:00:29]} Rxd2 {[%emt 0:00:29]} 26. e5 {[%emt 0:00:29]} Qxa2 {[%emt 0:00:43]} 27. Qg6 {[%emt 0:00:31]} Rxf2 {[%emt 0:00:33]} 28. Rxf2 {[%emt 0:00:42]} Qxf2 {[%emt 0:00:30]} 29. Qe8+ {[%emt 0:00:31]} Kh7 {[%emt 0:00:29]} 30. Qe7 {[%emt 0:00:32]} a5 {[%emt 0:00:31]} 31. g4 {[%emt 0:00:35]} Qf4+ {[%emt 0:00:40]} 32. Kh1 {[%emt 0:00:30]} Qxe5 {[%emt 0:00:30]} 33. h4 {[%emt 0:00:36]} Nd3 {[%emt 0:00:36]} 34. h5 {[%emt 0:00:38]} Nf2+ {[%emt 0:00:46]} 35. Kg1 {[%emt 0:00:31]} Qe1+ {[%emt 0:00:29]} 36. Kh2 {[%emt 0:00:30]} Nxg4+ {[%emt 0:00:32]} 37. Kh3 {[%emt 0:00:29]} Nf2+ {[%emt 0:00:31]} 38. Kg3 {[%emt 0:00:31]} Ne4+ {[%emt 0:00:30]} 39. Kf4 {[%emt 0:00:29]} Nf6 {[%emt 0:00:35]} 40. Qf7 {[%emt 0:00:32]} Qf2+ {[%emt 0:00:31]} 41. Bf3 {[%emt 0:00:32]} Qh4+ {[%emt 0:00:40]} 42. Ke3 {[%emt 0:00:30]} Qg5+ {[%emt 0:00:30]} 43. Ke2 {[%emt 0:00:31]} Ng4 {[%emt 0:00:33]} 44. Be4+ {[%emt 0:00:30]} Qf5 {[%emt 0:00:42]} 45. Bxf5+ {[%emt 0:00:30]} exf5 {[%emt 0:00:29]} 46. Qxf5+ {[%emt 0:00:29]} Kh8 {[%emt 0:00:29]} 47. Qxg4 {[%emt 0:00:30]} 1-0

[Event "Uppsala GM 2019"]
[Site "Uppsala"]
[Date "2019.10.27"]
[Round "4.5"]
[White "Bogdanov, Egor"]
[Black "Pavlov, Sergey"]
[Result "1-0"]
[WhiteElo "2409"]
[BlackElo "2485"]
[Annotator "ChessBase"]
[PlyCount "165"]
[EventDate "2019.10.25"]
[EventType "tourn"]
[EventCountry "SWE"]
[SourceTitle "playchess.com"]
[Source "ChessBase"]
[SourceQuality "1"]
[TimeControl "5400+30"]

1. e4 {[%emt 1:27:27]} c6 {[%emt 1:27:29]} 2. d4 {[%emt 0:00:29]} d5 {[%emt 0:00:29]} 3. e5 {[%emt 0:00:30]} c5 {[%emt 0:00:42]} 4. dxc5 {[%emt 0:00:29]} Nc6 {[%emt 0:00:30]} 5. a3 {[%emt 0:00:38]} e6 {[%emt 0:00:30]} 6. Nf3 {[%emt 0:00:30]} Bxc5 {[%emt 0:00:30]} 7. b4 {[%emt 0:00:31]} Bb6 {[%emt 0:00:32]} 8. Bd3 {[%emt 0:00:29]} Nge7 {[%emt 0:00:30]} 9. O-O {[%emt 0:00:33]} O-O {[%emt 0:00:30]} 10. Bb2 {[%emt 0:00:36]} Ng6 {[%emt 0:00:30]} 11. Re1 {[%emt 0:00:30]} f6 {[%emt 0:00:29]} 12. exf6 {[%emt 0:00:30]} gxf6 {[%emt 0:00:29]} 13. c4 {[%emt 0:00:30]} Nf4 {[%emt 0:00:30]} 14. Bf1 {[%emt 0:00:33]} dxc4 {[%emt 0:00:38]} 15. Bxc4 {[%emt 0:00:30]} Qxd1 {[%emt 0:00:30]} 16. Rxd1 {[%emt 0:00:29]} Kg7 {[%emt 0:00:43]} 17. Nc3 {[%emt 0:00:31]} a6 {[%emt 0:00:38]} 18. Ne4 {[%emt 0:00:33]} e5 {[%emt 0:00:36]} 19. Bc1 {[%emt 0:00:39]} Be6 {[%emt 0:00:36]} 20. Bxe6 {[%emt 0:00:39]} Nxe6 {[%emt 0:00:29]} 21. Nd6 {[%emt 0:00:35]} Rab8 {[%emt 0:00:34]} 22. Be3 {[%emt 0:00:32]} Bxe3 {[%emt 0:00:29]} 23. fxe3 {[%emt 0:00:28]} Ne7 {[%emt 0:00:42]} 24. Rac1 {[%emt 0:00:31]} Rfd8 {[%emt 0:00:42]} 25. Kf2 {[%emt 0:00:40]} b5 {[%emt 0:00:29]} 26. Ne4 {[%emt 0:00:32]} Rxd1 {[%emt 0:00:35]} 27. Rxd1 {[%emt 0:00:29]} Rd8 {[%emt 0:00:30]} 28. Rxd8 {[%emt 0:00:31]} Nxd8 {[%emt 0:02:09]} 29. Nc5 {[%emt 0:00:29]} a5 {[%emt 0:00:00]} 30. bxa5 {[%emt 0:00:30]} Ndc6 {[%emt 0:00:00]} 31. a6 {[%emt 0:00:29]} Nc8 {[%emt 0:00:06]} 32. Nd2 {[%emt 0:00:37]} Kf7 {[%emt 0:00:33]} 33. Nde4 {[%emt 0:00:30]} Ke7 {[%emt 0:00:29]} 34. Nc3 {[%emt 0:00:00]} N8a7 {[%emt 0:00:36]} 35. N5e4 {[%emt 0:00:07]} Ke6 {[%emt 0:00:40]} 36. Ke2 {[%emt 0:00:31]} Na5 {[%emt 0:00:32]} 37. Nd2 {[%emt 0:00:31]} N5c6 {[%emt 0:00:38]} 38. Na2 {[%emt 0:00:34]} Kd5 {[%emt 0:00:32]} 39. Kd3 {[%emt 0:00:29]} Kc5 {[%emt 0:00:33]} 40. Ne4+ {[%emt 0:00:30]} Kb6 {[%emt 0:00:29]} 41. Nxf6 {[%emt 0:00:29]} Kxa6 {[%emt 0:00:29]} 42. Nc3 {[%emt 0:00:34]} Kb6 {[%emt 0:00:32]} 43. Nxh7 {[%emt 0:00:29]} Nc8 {[%emt 0:00:32]} 44. Nf6 {[%emt 0:00:33]} Nd6 {[%emt 0:00:30]} 45. Nfd5+ {[%emt 0:00:29]} Kb7 {[%emt 0:00:28]} 46. h4 {[%emt 0:00:35]} Nf5 {[%emt 0:00:31]} 47. h5 {[%emt 0:00:29]} Ka6 {[%emt 0:00:34]} 48. g4 {[%emt 0:00:33]} Ng7 {[%emt 0:00:29]} 49. Nc7+ {[%emt 0:00:29]} Ka5 {[%emt 0:00:31]} 50. N7xb5 {[%emt 0:00:31]} Ne7 {[%emt 0:00:30]} 51. Ke4 {[%emt 0:00:30]} Kb6 {[%emt 0:00:33]} 52. Kxe5 {[%emt 0:00:30]} Kc5 {[%emt 0:01:13]} 53. Kf6 {[%emt 0:00:29]} Nd5+ {[%emt 0:00:00]} 54. Nxd5 {[%emt 0:00:30]} Ne8+ {[%emt 0:00:15]} 55. Ke7 {[%emt 0:00:30]} Ng7 {[%emt 0:00:29]} 56. Nbc3 {[%emt 0:00:29]} Kc4 {[%emt 0:00:31]} 57. h6 {[%emt 0:00:29]} Ne6 {[%emt 0:00:28]} 58. Kxe6 {[%emt 0:00:30]} Kd3 {[%emt 0:00:29]} 59. h7 {[%emt 0:00:30]} Kd2 {[%emt 0:00:29]} 60. g5 {[%emt 0:00:29]} Kc2 {[%emt 0:00:29]} 61. e4 {[%emt 0:00:29]} Kb3 {[%emt 0:00:29]} 62. e5 {[%emt 0:00:29]} Kxa3 {[%emt 0:00:29]} 63. g6 {[%emt 0:00:30]} Kb3 {[%emt 0:00:29]} 64. Kf6 {[%emt 0:00:29]} Kc4 {[%emt 0:00:29]} 65. e6 {[%emt 0:00:29]} Kc5 {[%emt 0:00:29]} 66. Ne3 {[%emt 0:00:30]} Kd4 {[%emt 0:00:29]} 67. Ncd1 {[%emt 0:00:30]} Kc5 {[%emt 0:00:29]} 68. g7 {[%emt 0:00:29]} Kd6 {[%emt 0:00:29]} 69. g8=Q {[%emt 0:00:33]} Kc5 {[%emt 0:00:30]} 70. Qd8 {[%emt 0:00:31]} Kc6 {[%emt 0:00:29]} 71. Qd5+ {[%emt 0:00:29]} Kc7 {[%emt 0:00:29]} 72. Qd7+ {[%emt 0:00:30]} Kb6 {[%emt 0:00:29]} 73. Nc3 {[%emt 0:00:31]} Kc5 {[%emt 0:00:29]} 74. Qd5+ {[%emt 0:00:29]} Kb4 {[%emt 0:00:30]} 75. Qc4+ {[%emt 0:00:31]} Ka3 {[%emt 0:00:35]} 76. Nb1+ {[%emt 0:00:34]} Kb2 {[%emt 0:00:30]} 77. Qc2+ {[%emt 0:00:39]} Ka1 {[%emt 0:00:30]} 78. Qc1 {[%emt 0:00:37]} Ka2 {[%emt 0:00:30]} 79. Nc4 {[%emt 0:00:35]} Kb3 {[%emt 0:00:31]} 80. Qc3+ {[%emt 0:00:32]} Ka4 {[%emt 0:00:30]} 81. e7 {[%emt 0:00:34]} Kb5 {[%emt 0:00:32]} 82. e8=Q+ {[%emt 0:00:34]} Kc5 {[%emt 0:00:31]} 83. Qee5+ {[%emt 0:02:38]} 1-0

[Event "Uppsala GM 2019"]
[Site "Uppsala"]
[Date "2019.10.28"]
[Round "5.1"]
[White "Rydstrom, Tom"]
[Black "Kovalev, Andrei"]
[Result "0-1"]
[WhiteElo "2322"]
[BlackElo "2511"]
[Annotator "TA"]
[PlyCount "38"]
[EventDate "2019.10.25"]
[EventType "tourn"]
[EventCountry "SWE"]
[SourceTitle "playchess.com"]
[Source "ChessBase"]
[SourceQuality "1"]

{[%evp 13,98,25,48,45,71,29,33,26,22,-12,-14,-18,-27,-51,-50,-68,-6,-94,-114,-116,-116,-97,-108,-106,-97,-114,-81,-74,-50,-41,-32,-78,-71,-81,-66,-66,-77,-71,-76,-65,-79,-56,-60,-150,-164,-223,-219,-219,-227,-208,-197,-199,-162,-237,-183,-184,-92,-302,-278,-308,-304,-292,-293,-298,-271,-494,-467,-429,-394,-1061,-1014,-3287,-1881,-29993,-29994,-29994,-29995,-29995,-1116,-29996,-728,-499,0,-29996,-29997,-29998,-29999]} 1. e4 c5 2. Nf3 e6 3. d4 cxd4 4. Nxd4 a6 5. Nc3 Qc7 6. g3 Nc6 7. Bg2 Nge7 8. Nb3 {B47: Sicilian: Taimanov: 5 Nc3 Qc7 6 f4, 6 g3 and 6 Be2} Ne5 9. O-O (9. f4 Nc4 10. Qd3 b5 11. Nd4 Bb7 12. b3 Nd6 13. a3 Nc6 14. Bb2 Nxd4 15. Qxd4 Rc8 {½-½ (39) Kryvoruchko,Y (2693)-Adhiban,B (2671) Monzon 2016}) 9... h5 10. h3 {White is slightly better.} b5 11. a3 Bb7 12. Qe2 Rc8 13. f4 $146 ({Predecessor:} 13. Kh1 g6 14. Bg5 Bg7 15. Nd2 Nc4 16. Nxc4 Qxc4 {0-1 (74) Gungl,T (2269)-Theodorou,N (2487) Heraklion 2017}) 13... Nc4 14. Kh2 Ng6 (14... g6 $15) 15. Nd1 (15. h4 $1 $11) 15... h4 $17 {Threatens to win with ...hxg3+.} 16. g4 e5 {[%cal Rg6f4]} 17. f5 Nf4 18. Bxf4 exf4 19. Kh1 g5 {Played: Qc7-e5} 0-1